000 00728nam a22002297a 4500
005 20170124105916.0
010 _a002094
020 _c15.00
035 _a002094
037 _bCen Lib/Ret
040 _aDPL
_bEN
082 _a598.20954
_bVIR
100 _aVira, Raghu
_92646
245 _aIndian scientific nomenclature of birds of India Burma and Ceylon /
_bby Raghu Vira [and] K. N. Dave
260 _aNagpur
_bThe International Academy of Indian Culture
_c1949
270 _aThe Aryabharti Mudranalaya
_bNagpur
300 _axxix,537p.
_c17cm (Hb)
650 _aOrrithology
_92647
650 _aBirds-India Burma and Ceylon
_92648
700 _aDave.K.N.
_92650
942 _2ddc
_cEN
_h598.20954
_mVIR
999 _c122845
_d122845